000 00709cai a22001695a 4500
001 L150328
008 100630u xxk g 000 0 eng d
035 _a(Sirsi) u150328
041 0 _aeng
245 0 0 _aGoogle Maps Property Search
_h[electronic source]
520 _aGoogle Maps Property Search launched in June 2010 allows estate agents, landlords and homeowners to market their properties through Google Maps free of charge.
590 _aKA
651 4 _aUnited Kingdom
_y1973-
690 _aPROPERTY-RESIDENTIAL PROPERTY-ACQUISITION OF PROPERTY
856 4 0 _uhttps://www.google.co.uk/intl/en/help/maps/realestate/agents/maps.html
_zView the website free of charge at www.maps.google.co.uk
942 _n0
999 _c120865
_d120865